RIVISTA DI PASTORALE LITURGICA. GENNAIO 1973. PER LA QUARESIMA. ORGANO CAL. (Record no. 331632)
[ view plain ]
| 000 -LEADER | |
|---|---|
| fixed length control field | 01667nas a2200277Ia 4500 |
| 001 - CONTROL NUMBER | |
| control field | R050-S3046 |
| 003 - CONTROL NUMBER IDENTIFIER | |
| control field | IT-CnALBA |
| 008 - FIXED-LENGTH DATA ELEMENTS--GENERAL INFORMATION | |
| fixed length control field | 170116c99999999xx |||||||||||| ||und|| |
| 040 ## - CATALOGING SOURCE | |
| Original cataloging agency | IT-CnALBA |
| Transcribing agency | IT-CnALBA |
| 041 ## - LANGUAGE CODE | |
| Language code of text/sound track or separate title | ITALIANO |
| 999 ## - SYSTEM CONTROL NUMBERS (KOHA) | |
| Koha Dewey Subclass [OBSOLETE] | NO |
| 100 ## - MAIN ENTRY--PERSONAL NAME | |
| Personal name | FAMOSO SALVATORE, MONS. |
| 210 ## - ABBREVIATED TITLE | |
| Abbreviated title | RIVISTA DI PASTORALE LITURGICA |
| 222 ## - KEY TITLE | |
| Key title | RIVISTA DI PASTORALE LITURGICA |
| 245 #0 - TITLE STATEMENT | |
| Title | RIVISTA DI PASTORALE LITURGICA. GENNAIO 1973. PER LA QUARESIMA. ORGANO CAL. |
| 250 ## - EDITION STATEMENT | |
| Edition statement | 1a ed. |
| 260 ## - PUBLICATION, DISTRIBUTION, ETC. (IMPRINT) | |
| Place of publication, distribution, etc. | BRESCIA |
| Name of publisher, distributor, etc. | QUERINIANA EDIT. LIBR. VESC. |
| Date of publication, distribution, etc. | 1973 [1° Ed.:1973 - Ed.Ling.Originale: 1973] |
| 300 ## - PHYSICAL DESCRIPTION | |
| Extent | 75 p. |
| 310 ## - CURRENT PUBLICATION FREQUENCY | |
| Current publication frequency | BIMESTRALE |
| 362 ## - DATES OF PUBLICATION AND/OR SEQUENTIAL DESIGNATION | |
| Dates of publication and/or sequential designation | Fascicolo: 56 / Anno: 11 (1973) |
| 500 ## - GENERAL NOTE | |
| General note | RIFORMA ORDINI MINORI. LA TEOLOGIA DELLA CROCE. LA SOFFERENZA NEL MONDO CONTEMPORANEO. ANNUNCIO DEL DIGIUNO, STRANIERO G. CAVEDO R. SOTTOCORNOLA FR. MIGNONE M. FEDRIZZI P. BONETTI A. LODI E. CELEBRAZIONI PENITENZIALI. GIORNATA PENITENZIALE MENSILE. LA MALATTIA, LETTURA DEL VANGELO. STAZIONI QUARESIMALI. SCHEMI OMELIA. TEMPO QUARESIMALE. CRONACHE. LETTERE ALLA DIREZIONE. RECENSIONI. |
| 501 ## - WITH NOTE | |
| With note | Società San Paolo EM - Piazza San Paolo, 14 - 12051 ALBA (CN) (non commercial uses only) ® Copyright 2017 |
| 520 ## - SUMMARY, ETC. | |
| Summary, etc. | RIFORMA ORDINI MINORI. LA TEOLOGIA DELLA CROCE. LA SOFFERENZA NEL MONDO CONTEMPORANEO. ANNUNCIO DEL DIGIUNO, STRANIERO G. CAVEDO R. SOTTOCORNOLA FR. MIGNONE M. FEDRIZZI P. BONETTI A. LODI E. CELEBRAZIONI PENITENZIALI. GIORNATA PENITENZIALE MENSILE. LA MALATTIA, LETTURA DEL VANGELO. STAZIONI QUARESIMALI. SCHEMI OMELIA. TEMPO QUARESIMALE. CRONACHE. LETTERE ALLA DIREZIONE. RECENSIONI. |
| 650 ## - SUBJECT ADDED ENTRY--TOPICAL TERM | |
| Topical term or geographic name as entry element | TEOLOGIA PASTORALE |
| 942 ## - ADDED ENTRY ELEMENTS (KOHA) | |
| Koha item type | RIVISTA |
| 957 ## - | |
| -- | 1 |
| 999 ## - SYSTEM CONTROL NUMBERS (KOHA) | |
| -- | 1 |
| Withdrawn status | Lost status | Damaged status | Not for loan | Home library | Current library | Date acquired | Total Checkouts | Full call number | Date last seen | Price effective from | Koha item type | Public note |
|---|---|---|---|---|---|---|---|---|---|---|---|---|
| Buone Condizioni | Not For Loan | ALBA - Biblioteca | ALBA - Biblioteca | 16/01/2017 | R050-S3046 | 16/01/2017 | 16/01/2017 | RIVISTA | (data import: 16 gennaio 2017) - By Epidotti, Vaglietti. |